000 00212 a2200097 4500
001 42165
100 _aHailey L
245 _aAn African Survey
260 _a
_bOxford University press
_c
090 _c26154
_d26154
942 _aNUST-CAE
_cM
_c17952
999 _c277238
_d277238